Survivor 45 Cast: Name Match - Statistics

General Stats
  • This quiz has been taken 39 times
  • The average score is 15 of 18
Answer Stats
Hint Answer % Correct
Dee Valladares
100%
Austin Li Coon
97%
Jake O'Kane
97%
Emily Flippen
94%
Bruce Perreault
91%
J. Maya Krishnan-Jha
84%
Drew Basile
81%
Sean Edwards
81%
Kaleb Gebrewold
81%
Kendra McQuarrie
81%
Kellie Nalbandian
81%
Hannah Rose
81%
Katurah Topps
81%
Julie Alley
75%
Sifu Alsup
69%
Sabiyah Broderick
69%
Brandon Donlon
66%
Brando Meyer
66%
No matching quizzes found
Score Distribution
Percent of People with Each Score
Percentile by Number Answered
Your Score History
You have not taken this quiz